| 000 | 00404cam a22001457a 4500 | ||
|---|---|---|---|
| 008 | 180718b1993 xxu||||| |||| 00| 0 eng d | ||
| 020 | _a0863113761 | ||
| 082 | _aO91 B851 | ||
| 100 | _aBuch, M.N. | ||
| 245 |
_aEnvironmental consciousness and urban planning _cby M.N. Buch |
||
| 260 |
_aNew Delhi _bOrient Longman _c1993 |
||
| 300 | _a81p. | ||
| 440 | _aTracts for the times/ 2 | ||
| 650 | _aCity planning | ||
| 999 |
_c400307 _d400307 |
||